000 00639nam a2200277Ia 4500
005 20260324133706.0
008 008 260324s9999 xx 000 0 eng d
020 _a9780429182464
037 _aEBOOK
040 _aCRL
040 _beng
040 _cCRL
041 _2eng
041 _aeng
084 _qCRL
100 _aJan Haluska
_91194027
245 4 _aThe Mathematical Theory of Tone Systems
260 _bTaylor and Francis
260 _c2003
365 _a
365 _b560
856 _uhttp://www.taylorfrancis.com/books/9780429182464
942 _cEBOOK
999 _c1793354
_d1793354